000 00926nam a2200217 a 4500
001 000012541
005 20240530073931.0
008 091113s1990 dr 000 0 spa d
040 _aDO-SdBNP
_bspa
_cBNPHU
082 _a972.9303
_bM149r
100 1 _aMachado, José Ml.
_929248
245 1 3 _aLa reconquista y La Trinitaria :
_bdos polos patrióticos con proyecciones distintas /
_cJosé Ml. Machado.
260 _aSanto Domingo, :
_bTaller,
_c1990.
300 _a192 p. ;
_c23 cm.
500 _aEnsayo sobre la obra revolucionaria realizada por Duarte y la Trinitaria desde el 16 de julio de 1838 hasta el 27 de febrero de 1844, premiado en el concurso histórico de la Academia Dominicana de la Historia
651 4 _aRepública Dominicana
_xHistoria
_9170
650 4 _aReconquista,
_x1808-1809
_929249
650 4 _aRepública dominicana
_xHistoria
_y1844-1930
_91598
650 0 _aEnsayos dominicanos
_965
049 _aBNPD
999 _c12196
_d12196